000 00613cam a2200205 4500500
005 20260405000316.0
041 _afre
042 _adc
100 1 0 _aMattéi, Jean-François
_eauthor
245 0 0 _aNietzsche. Cap au sud
260 _c2006.
500 _a95
690 _aNietzsche
690 _aPensées d’ailleurs
690 _aPlaton
690 _aVoyage Philosophique
690 _aWittgenstein
786 0 _nPhilosophie magazine | 3 | 8-9 | 2006-09-01 | p. 19-19 | 1951-1787
856 4 1 _uhttps://shs.cairn.info/magazine-philosophie-magazine-2006-8-9-page-19?lang=fr&redirect-ssocas=7080
999 _c2035773
_d2035773